Fifty-fifth Annual Report: 1st april 1984 - 31st march 1985 /

Guardado en:
Bibliografiske detaljer
Autores Corporativos: Bank for International Settlements, BASLE
Format: Texto
Udgivet: s.l.: BASLE
Tags: Tilføj Tag
Ingen Tags, Vær først til at tagge denne postø!

MARC

LEADER 00000 a a2200000 04500
001 25386
003
040
090 |a 181600  
110 |a Bank for International Settlements  
245 |a Fifty-fifth Annual Report: 1st april 1984 - 31st march 1985 /  |c Bank for International Settlements  
260 |a s.l.:   |b BASLE  
300 |a 176 p   |b **no definido**   |b fonodiscos  
710 |a BASLE  
999 |c 17148  |d 17148